[Event "Veletrzni turnaj 2021"]
[Site "Brno"]
[Date "2021.08.30"]
[Round "3.9"]
[White "Neduchal, Jiri"]
[Black "Pokorny, Petr"]
[Result "0-1"]
[WhiteElo "1734"]
[BlackElo "2162"]
[PlyCount "42"]
[EventDate "2021.08.29"]

1. d4 d5 2. Nf3 e6 3. e3 f5 4. Bd3 Nf6 5. Nbd2 Bd6 6. O-O O-O 7. c4 c6 8. a3 a5
9. Rb1 Nbd7 10. c5 Bb8 11. b4 axb4 12. axb4 Ne4 13. Qb3 g5 14. Bb2 g4 15. Bxe4
fxe4 16. Ne5 Qh4 17. g3 Qh5 18. Nxd7 Bxd7 19. Ra1 Rxa1 20. Bxa1 Rf6 21. Re1
Rxf2 0-1

[Event "Veletrzni turnaj 2021"]
[Site "Brno"]
[Date "2021.08.30"]
[Round "3.10"]
[White "Ivan, Laszlo"]
[Black "Meszaros, Ludek"]
[Result "0-1"]
[WhiteElo "1533"]
[BlackElo "2027"]
[PlyCount "46"]
[EventDate "2021.08.29"]

1. e4 e5 2. Nf3 Nc6 3. Bc4 Nf6 4. c3 Nxe4 5. Qe2 d5 6. Bb3 Be7 7. d3 Nc5 8. O-O
Bg4 9. h3 Bxf3 10. Qxf3 Nxb3 11. axb3 O-O 12. Nd2 f5 13. Re1 e4 14. dxe4 fxe4
15. Qe2 Ne5 16. Rf1 Bc5 17. Kh1 Qh4 18. f3 exf3 19. Nxf3 Nxf3 20. Rxf3 Rxf3 21.
Qxf3 Qe1+ 22. Kh2 Bg1+ 23. Kh1 Bf2+ 0-1

[Event "Veletrzni turnaj 2021"]
[Site "Brno"]
[Date "2021.08.30"]
[Round "3.11"]
[White "Krystl, Jaromir"]
[Black "Rehurek, Karel"]
[Result "0-1"]
[WhiteElo "1514"]
[BlackElo "1798"]
[PlyCount "54"]
[EventDate "2021.08.29"]

1. e4 e5 2. d4 exd4 3. Qxd4 Nc6 4. Qe3 d6 5. Nc3 Nf6 6. Bd2 Be6 7. Nge2 Be7 8.
Nf4 Qd7 9. Nxe6 Qxe6 10. Be2 O-O-O 11. O-O h5 12. h3 Nd7 13. Nb5 Nc5 14. f3 a6
15. b4 Bf6 16. bxc5 Bxa1 17. Nxd6+ Qxd6 18. cxd6 Bd4 19. dxc7 Kxc7 20. Rb1
Bxe3+ 21. Bxe3 Nd4 22. Bd3 Rd7 23. Bf4+ Kc8 24. Bxa6 Ne6 25. Bh2 Rhd8 26. Rb4
Rd1+ 27. Kf2 bxa6 0-1

[Event "Veletrzni turnaj 2021"]
[Site "Brno"]
[Date "2021.08.30"]
[Round "3.12"]
[White "Hrdlicka, Vladan"]
[Black "Hayrumyan, Artur"]
[Result "1-0"]
[WhiteElo "1769"]
[BlackElo "1511"]
[PlyCount "75"]
[EventDate "2021.08.29"]

1. e4 e5 2. Nf3 d5 3. d4 dxe4 4. Nxe5 f6 5. Qh5+ g6 6. Nxg6 hxg6 7. Qxh8 Be6 8.
Be3 Nc6 9. Bb5 Kf7 10. Bxc6 bxc6 11. Nc3 f5 12. Qe5 Bd6 13. Qh8 Bf8 14. Qe5 Bd6
15. Qa5 Rb8 16. d5 cxd5 17. O-O-O Bb4 18. Qxa7 Bxc3 19. bxc3 Ra8 20. Qc5 Rxa2
21. Kd2 g5 22. Ra1 Rxa1 23. Rxa1 Nf6 24. Ra7 Nd7 25. Qxc7 Qg8 26. Qd6 Qc8 27.
Bxg5 Qe8 28. h4 Kg6 29. Rxd7 Qxd7 30. Qxd7 Bxd7 31. Ke3 Bb5 32. Kf4 Ba4 33. Ke5
Bc6 34. Be3 Kh5 35. g3 Kg4 36. Kd6 Ba8 37. Kc5 Kf3 38. h5 1-0

[Event "Veletrzni turnaj 2021"]
[Site "Brno"]
[Date "2021.08.30"]
[Round "3.13"]
[White "Hakl, Jaroslav"]
[Black "Haupt, Jaromir"]
[Result "0-1"]
[WhiteElo "1471"]
[BlackElo "1743"]
[PlyCount "120"]
[EventDate "2021.08.29"]

1. e4 d6 2. d4 Nf6 3. Nc3 g6 4. h3 c6 5. Bc4 b5 6. Bb3 b4 7. e5 bxc3 8. exf6
Qa5 9. Rb1 exf6 10. Qe2+ Be7 11. Qc4 d5 12. Qa4 Qxa4 13. Bxa4 cxb2 14. Bxb2 Ba6
15. Ne2 Kd7 16. Nf4 Kc7 17. Bc3 Nd7 18. Bd2 Rab8 19. Ba5+ Nb6 20. Nd3 Kd7 21.
Bb3 Nc4 22. Bd2 Rhe8 23. Kd1 Na3 24. Rc1 Bxd3 25. cxd3 Nb5 26. Be3 Bb4 27. a4
Nd6 28. g4 Rh8 29. Kc2 h5 30. g5 fxg5 31. Bxg5 Nf5 32. Bf6 Rhe8 33. Be5 f6 34.
Bxb8 Rxb8 35. Kd1 Nxd4 36. Ba2 Ke6 37. f4 Kf5 38. Rf1 Re8 39. Rb1 a5 40. Rb2
Re3 41. Bb1 Rxh3 42. Rbf2 Rg3 43. Bc2 h4 44. Kc1 Ba3+ 45. Kb1 Bc5 46. Rh2 h3
47. Bd1 Rxd3 48. Bc2 Nxc2 49. Kxc2 Ra3 50. Kb2 Rg3 51. Rc2 Rg2 52. Rh1 Kg4 53.
Rh2 Rxh2 54. Rxh2 Kg3 55. Rc2 h2 56. Rc3+ Kxf4 57. Rh3 Bg1 58. Kc3 Kg4 59. Rh6
g5 60. Kd3 Kg3 0-1

[Event "Veletrzni turnaj 2021"]
[Site "Brno"]
[Date "2021.08.30"]
[Round "3.14"]
[White "Lukas, Ondrej"]
[Black "Blazek, Pavel"]
[Result "0-1"]
[WhiteElo "1452"]
[BlackElo "1728"]
[PlyCount "68"]
[EventDate "2021.08.29"]

1. e4 e5 2. Nc3 Nc6 3. Bc4 Bc5 4. d3 d6 5. Be3 Bxe3 6. fxe3 Qh4+ 7. g3 Qd8 8.
Qh5 Nh6 9. h3 Na5 10. Bb3 Nxb3 11. axb3 O-O 12. g4 f6 13. O-O-O Bd7 14. Nge2
Nf7 15. Qh4 Ng5 16. Qg3 a5 17. h4 Ne6 18. Qg2 b5 19. Ng3 b4 20. Na4 Qe8 21. Nf5
Bxa4 22. bxa4 Qxa4 23. Kd2 Qd7 24. g5 a4 25. d4 b3 26. cxb3 axb3 27. d5 Nc5 28.
h5 fxg5 29. Qg4 Nxe4+ 30. Qxe4 Qxf5 31. Qxf5 Rxf5 32. Kc3 Rb8 33. Ra1 Rf2 34.
Ra7 h6 0-1

[Event "Veletrzni turnaj 2021"]
[Site "Brno"]
[Date "2021.08.30"]
[Round "3.15"]
[White "Jurak, Stanislav"]
[Black "Habinova, Alice"]
[Result "0-1"]
[WhiteElo "1728"]
[BlackElo "1418"]
[PlyCount "46"]
[EventDate "2021.08.29"]

1. d4 d5 2. c4 e6 3. Nc3 c5 4. cxd5 exd5 5. e3 Nf6 6. Nf3 Nc6 7. Be2 Be7 8. b3
O-O 9. Bb2 Bf5 10. O-O Rc8 11. Rc1 b6 12. h3 Qd6 13. Ba3 Nb4 14. dxc5 bxc5 15.
Bb2 Rfd8 16. a3 Nc6 17. Ba6 Rb8 18. Na4 Ne4 19. Nd2 Qg6 20. g4 Nxd2 21. Qxd2
Bxg4 22. hxg4 Qxg4+ 23. Kh2 Rd6 0-1

[Event "Veletrzni turnaj 2021"]
[Site "Brno"]
[Date "2021.08.30"]
[Round "3.16"]
[White "Sojka, Oldrich"]
[Black "Prokop, Jiri"]
[Result "1-0"]
[WhiteElo "1417"]
[BlackElo "1684"]
[PlyCount "99"]
[EventDate "2021.08.29"]

1. e4 d6 2. Bc4 Nf6 3. d3 g6 4. Nc3 c6 5. a3 Bg7 6. Nf3 O-O 7. Bg5 Qc7 8. Qd2
e5 9. h4 h5 10. Bh6 b5 11. Ba2 a5 12. Qg5 Kh7 13. Bxg7 Kxg7 14. Nd1 Nh7 15. Qg3
Nd7 16. Ne3 Ndf6 17. Nf5+ Kh8 18. Ne3 Ng4 19. Ng5 Nxg5 20. Nxg4 Nxe4 21. dxe4
Bxg4 22. f3 Bc8 23. Qg5 Kg7 24. O-O-O Be6 25. Bxe6 fxe6 26. g4 Rh8 27. Rhg1 Qd8
28. gxh5 Qxg5+ 29. Rxg5 Rad8 30. Rxg6+ Kf7 31. Rg5 Rhg8 32. h6 Kf6 33. Rdg1
Rxg5 34. hxg5+ Kg6 35. Kd2 Rf8 36. Ke3 d5 37. c3 c5 38. exd5 exd5 39. Rg4 Rf5
40. f4 exf4+ 41. Kf3 a4 42. Rg2 Rf7 43. Rg4 Rf5 44. Rg2 Rf7 45. Rg4 Rf5 46. Rg2
d4 47. Rh2 Kh7 48. g6+ Kh8 49. g7+ Kh7 50. Rg2 1-0

[Event "Veletrzni turnaj 2021"]
[Site "Brno"]
[Date "2021.08.30"]
[Round "3.17"]
[White "Lisik, Miroslav"]
[Black "Sepsi, Jakub"]
[Result "1-0"]
[WhiteElo "1680"]
[BlackElo "1400"]
[PlyCount "41"]
[EventDate "2021.08.29"]

1. e4 e5 2. Nf3 Nc6 3. Bc4 Bc5 4. b4 Bxb4 5. c3 Ba5 6. d4 exd4 7. Qb3 Qe7 8.
O-O dxc3 9. Nxc3 Bxc3 10. Qxc3 f6 11. Ba3 d6 12. e5 fxe5 13. Nxe5 Nxe5 14. Rae1
Bd7 15. f4 O-O-O 16. fxe5 Nh6 17. exd6 Qg5 18. Bd5 c6 19. Qa5 Kb8 20. Bc5 b6
21. Bxb6 1-0

[Event "Veletrzni turnaj 2021"]
[Site "Brno"]
[Date "2021.08.30"]
[Round "3.18"]
[White "Vojtek, Pavel"]
[Black "Smidek, Prokop"]
[Result "1-0"]
[WhiteElo "1609"]
[BlackElo "1262"]
[PlyCount "39"]
[EventDate "2021.08.29"]

1. e4 e5 2. Nf3 Nc6 3. Bb5 d6 4. Bxc6+ bxc6 5. d4 exd4 6. Nxd4 Bb7 7. O-O g6 8.
c4 d5 9. cxd5 cxd5 10. Qa4+ c6 11. Nxc6 Qd7 12. exd5 Qxd5 13. Nb4+ Qd7 14. Re1+
Be7 15. Qxd7+ Kxd7 16. Nd3 Bd6 17. Nc3 Nf6 18. Bg5 Nh5 19. Nb5 Rhb8 20. g4 1-0

[Event "Veletrzni turnaj 2021"]
[Site "Brno"]
[Date "2021.08.30"]
[Round "3.21"]
[White "Hladky, Mikulas"]
[Black "Zikan, Karel"]
[Result "0-1"]
[WhiteElo "1223"]
[BlackElo "1627"]
[PlyCount "110"]
[EventDate "2021.08.29"]

1. e4 c6 2. d4 d5 3. exd5 cxd5 4. Nf3 Nc6 5. Nc3 Bg4 6. Bb5 e6 7. a3 Nf6 8. O-O
Be7 9. Bf4 O-O 10. Bxc6 bxc6 11. Re1 c5 12. dxc5 Bxc5 13. b4 Bd6 14. Bxd6 Qxd6
15. Qd3 Bxf3 16. Qxf3 Rfc8 17. Rac1 Rc4 18. Nd1 Rac8 19. Re2 h6 20. Qg3 Qxg3
21. hxg3 Ne4 22. Kh2 Nc3 23. Nxc3 Rxc3 24. a4 R8c4 25. Rb1 Rxc2 26. Rxc2 Rxc2
27. f3 Ra2 28. a5 Kf8 29. Rc1 Rb2 30. Rc8+ Ke7 31. Rc7+ Kf6 32. Rxa7 Rxb4 33.
a6 Ra4 34. Ra8 g6 35. g4 g5 36. Kg3 Ke5 37. Ra7 f6 38. Ra8 Ra5 39. Ra7 Kd4 40.
Ra8 Kd3 41. Rf8 Rxa6 42. Rxf6 Ke3 43. Rxh6 d4 44. Rh1 Ke2 45. f4 Ra3+ 46. Kh2
gxf4 47. g5 Rg3 48. Ra1 Rxg5 49. Ra4 e5 50. Ra2+ Ke3 51. Ra3+ d3 52. Kg1 Ke2
53. Ra2+ d2 54. Rxd2+ Kxd2 55. Kf1 e4 0-1

[Event "Veletrzni turnaj 2021"]
[Site "Brno"]
[Date "2021.08.30"]
[Round "3.24"]
[White "Rychtecky, Pavel"]
[Black "Buchta, Vaclav"]
[Result "0-1"]
[WhiteElo "1543"]
[BlackElo "1119"]
[PlyCount "86"]
[EventDate "2021.08.29"]

1. e4 c5 2. Nf3 d6 3. d4 cxd4 4. Nxd4 Nf6 5. Nc3 g6 6. Be3 Bg7 7. Bc4 O-O 8. f3
Qc7 9. Bb3 a6 10. Qd2 Nbd7 11. a3 b5 12. O-O Bb7 13. Rfd1 Nb6 14. Qf2 Nc4 15.
Bxc4 Qxc4 16. Nb3 Qc7 17. Bb6 Qc8 18. Na5 Nd7 19. Bd4 Qc7 20. Nxb7 Qxb7 21. Nd5
Ne5 22. Qh4 Rfe8 23. f4 Nc4 24. Bxg7 Kxg7 25. b3 Qa7+ 26. Kh1 Ne3 27. Rd3 Nxc2
28. Rad1 Nxa3 29. f5 f6 30. Rh3 Rh8 31. Qh6+ Kf7 32. Rc1 Qd4 33. Rh4 Rac8 34.
h3 Rxc1+ 35. Qxc1 g5 36. Rg4 h5 37. Rxg5 fxg5 38. Qxg5 Qa1+ 39. Kh2 Qe5+ 40.
Kg1 Rg8 41. Qxh5+ Kf8 42. Nc7 Qc5+ 43. Kh2 Qxc7 0-1

[Event "Veletrzni turnaj 2021"]
[Site "Brno"]
[Date "2021.08.30"]
[Round "3.25"]
[White "Sauman, Petr"]
[Black "Luc, Martin"]
[Result "1/2-1/2"]
[WhiteElo "1346"]
[BlackElo "1114"]
[PlyCount "55"]
[EventDate "2021.08.29"]

1. d4 Nf6 2. c4 c5 3. Nf3 b5 4. cxb5 a6 5. Nc3 axb5 6. Nxb5 Ba6 7. Nc3 cxd4 8.
Nxd4 g6 9. Qc2 Bg7 10. Bd2 O-O 11. g3 Bb7 12. Nf3 Qc7 13. Bg2 Ne4 14. Rc1 Rc8
15. a3 Nxd2 16. Qxd2 d5 17. O-O Qd7 18. Rfd1 Rd8 19. Qc2 e6 20. e4 d4 21. Ne2
d3 22. Qc7 Nc6 23. Qxd7 Rxd7 24. Nc3 Rad8 25. Nd2 Nd4 26. Kf1 Bh6 27. f4 e5 28.
Nd5 1/2-1/2

[Event "Veletrzni turnaj 2021"]
[Site "Brno"]
[Date "2021.08.30"]
[Round "3.26"]
[White "Soucek, Andrej"]
[Black "Teply, Jan"]
[Result "1/2-1/2"]
[WhiteElo "1318"]
[BlackElo "1063"]
[PlyCount "61"]
[EventDate "2021.08.29"]

1. e4 e5 2. Nf3 Nc6 3. Bc4 Bc5 4. b4 Bxb4 5. c3 Be7 6. O-O Nf6 7. Re1 O-O 8. d4
exd4 9. cxd4 d5 10. exd5 Nxd5 11. h3 Bf5 12. Bb2 Bf6 13. Ba3 Be7 14. Bxe7 Ncxe7
15. Qb3 Nb6 16. Nc3 Nxc4 17. Qxc4 Nc6 18. d5 Na5 19. Qd4 Re8 20. Rxe8+ Qxe8 21.
d6 Nc6 22. Qf4 Be6 23. dxc7 Rc8 24. Rb1 b6 25. Qd6 Qd7 26. Rd1 Qxc7 27. Qxc7
Rxc7 28. Ne5 h6 29. Nb5 Rc8 30. Nd6 Rc7 31. Nb5 1/2-1/2

[Event "Veletrzni turnaj 2021"]
[Site "Brno"]
[Date "2021.08.30"]
[Round "3.27"]
[White "Kuncicka, Klara"]
[Black "Kubatova, Beta"]
[Result "1-0"]
[WhiteElo "1279"]
[BlackElo "1049"]
[PlyCount "85"]
[EventDate "2021.08.29"]

1. e4 c5 2. Nf3 Nc6 3. d4 cxd4 4. Nxd4 g6 5. Nc3 Bg7 6. Be3 Nf6 7. Be2 O-O 8.
O-O d6 9. Kh1 Bd7 10. f4 Nxd4 11. Bxd4 Bc6 12. Bf3 Rc8 13. e5 Bxf3 14. Rxf3
dxe5 15. Bxe5 Qxd1+ 16. Rxd1 Rfd8 17. Rxd8+ Rxd8 18. Rd3 Rxd3 19. cxd3 Ng4 20.
Bxg7 Kxg7 21. Kg1 Kf6 22. h3 Ne3 23. Kf2 Nf5 24. g4 Nd4 25. Ke3 Nc6 26. d4 e6
27. Ne4+ Ke7 28. Nc5 b6 29. Nd3 Kf6 30. g5+ Ke7 31. b3 a5 32. a4 Kd6 33. Ke4
Kd7 34. Ne5+ Nxe5 35. Kxe5 Ke7 36. h4 Ke8 37. Kd6 Kd8 38. Kc6 Kc8 39. Kxb6 Kd7
40. Kxa5 Kd6 41. Kb6 Kd5 42. a5 Ke4 43. a6 1-0

[Event "Veletrzni turnaj 2021"]
[Site "Brno"]
[Date "2021.08.31"]
[Round "4.1"]
[White "Glozar, Petr"]
[Black "Fiala, Vaclav"]
[Result "1/2-1/2"]
[WhiteElo "2110"]
[BlackElo "2307"]
[PlyCount "42"]
[EventDate "2021.08.29"]

1. d4 d5 2. c4 dxc4 3. e3 Nf6 4. Nc3 e6 5. Bxc4 c5 6. Nf3 a6 7. a4 Nc6 8. O-O
cxd4 9. exd4 Be7 10. Re1 O-O 11. Bg5 h6 12. Bh4 b6 13. d5 Nxd5 14. Bxd5 exd5
15. Qxd5 Bxh4 16. Qxc6 Bd7 17. Qb7 Rb8 18. Qxa6 Bf6 19. Ne5 Ra8 20. Qb7 Bxe5
21. Rxe5 Bxa4 1/2-1/2

[Event "Veletrzni turnaj 2021"]
[Site "Brno"]
[Date "2021.08.31"]
[Round "4.2"]
[White "Volak, Simon"]
[Black "Hladky, Tadeas"]
[Result "0-1"]
[WhiteElo "2035"]
[BlackElo "1908"]
[PlyCount "70"]
[EventDate "2021.08.29"]

1. c4 c6 2. Nf3 d5 3. g3 Nf6 4. Bg2 Bf5 5. O-O e6 6. b3 Bd6 7. Bb2 O-O 8. d3 h6
9. Nbd2 Qe7 10. Ne5 Bh7 11. e4 dxe4 12. Nxe4 Nxe4 13. dxe4 Rd8 14. Qg4 Bxe5 15.
Bxe5 f6 16. Bb2 Nd7 17. Rad1 e5 18. Ba3 c5 19. Bh3 Nf8 20. Rd5 b6 21. Rfd1 Bg6
22. b4 Rxd5 23. cxd5 cxb4 24. d6 Qf7 25. Qf3 bxa3 26. d7 Qe7 27. Qc3 Rd8 28.
Qc7 Bf7 29. Qxa7 Be6 30. Bxe6+ Qxe6 31. Qxa3 Rxd7 32. Rb1 Ng6 33. Qa6 Rd6 34.
Qb5 Kh7 35. Kg2 Qxa2 0-1

[Event "Veletrzni turnaj 2021"]
[Site "Brno"]
[Date "2021.08.31"]
[Round "4.3"]
[White "Vaculik, Martin"]
[Black "Tajovsky, Matej"]
[Result "1/2-1/2"]
[WhiteElo "1862"]
[BlackElo "2025"]
[PlyCount "52"]
[EventDate "2021.08.29"]

1. Nf3 Nf6 2. c4 c6 3. Nc3 d5 4. d4 e6 5. e3 Be7 6. Qc2 O-O 7. b3 b6 8. Bd3 Ba6
9. O-O Nbd7 10. e4 dxe4 11. Nxe4 c5 12. Bb2 Rc8 13. dxc5 Nxe4 14. Bxe4 f5 15.
Bd3 Nxc5 16. Rad1 Qe8 17. Ne5 Bf6 18. Be2 Bb7 19. f4 Rc7 20. Bf3 Ne4 21. Ba3
Be7 22. Bxe7 Qxe7 23. Bxe4 Bxe4 24. Qd2 b5 25. Qd6 bxc4 26. Qxe7 Rxe7 1/2-1/2

[Event "Veletrzni turnaj 2021"]
[Site "Brno"]
[Date "2021.08.31"]
[Round "4.4"]
[White "Marsa, Alexandr"]
[Black "Kuchar, Matej"]
[Result "0-1"]
[WhiteElo "1863"]
[BlackElo "1998"]
[PlyCount "70"]
[EventDate "2021.08.29"]

1. d4 Nf6 2. c4 c5 3. d5 b5 4. cxb5 a6 5. e3 g6 6. Nc3 Bg7 7. a4 d6 8. Bc4 O-O
9. Ra3 Nbd7 10. Nf3 Nb6 11. Ba2 axb5 12. axb5 Bd7 13. O-O Ne8 14. Qd3 Nc7 15.
Rd1 Qe8 16. e4 Nxb5 17. Nxb5 Bxb5 18. Rxa8 Nxa8 19. Qc2 Qc8 20. Bc4 Qa6 21. b3
Bxc4 22. bxc4 Nb6 23. Nd2 Qa4 24. Qxa4 Nxa4 25. Nb1 Bd4 26. Na3 Nc3 27. Re1 Ra8
28. Kf1 Ra4 29. f3 Na2 30. Nc2 Rxc4 31. Nxd4 Nxc1 32. Nc6 Kf8 33. e5 Nd3 34.
exd6 exd6 35. Ra1 Rc1+ 0-1

[Event "Veletrzni turnaj 2021"]
[Site "Brno"]
[Date "2021.08.31"]
[Round "4.5"]
[White "Meszaros, Ludek"]
[Black "Setina, Vaclav"]
[Result "1-0"]
[WhiteElo "2027"]
[BlackElo "1607"]
[PlyCount "109"]
[EventDate "2021.08.29"]

1. d4 d5 2. c4 e5 3. dxe5 d4 4. Nf3 Nc6 5. g3 Nge7 6. Bg2 Ng6 7. O-O Bg4 8. h3
Be6 9. Qa4 Qd7 10. Kh2 O-O-O 11. Bg5 Be7 12. Bxe7 Qxe7 13. Na3 a5 14. Nc2 Qc5
15. Rac1 h5 16. Qb5 Qxc4 17. Ncxd4 Qxb5 18. Nxb5 h4 19. a3 Bd5 20. b4 Rhe8 21.
Rc5 axb4 22. axb4 Ngxe5 23. Nxe5 Bxg2 24. Kxg2 Rxe5 25. Na7+ Nxa7 26. Rxe5 Nc6
27. Re4 hxg3 28. fxg3 f6 29. g4 Rd2 30. g5 fxg5 31. Rf7 g6 32. Rf8+ Rd8 33.
Rfe8 Rxe8 34. Rxe8+ Kd7 35. Rg8 Nxb4 36. Rg7+ Kd8 37. Rxg6 c5 38. Rxg5 Na6 39.
h4 c4 40. h5 c3 41. h6 c2 42. h7 c1=Q 43. h8=Q+ Kc7 44. Qe5+ Kb6 45. Rg6+ Ka7
46. Kf2 Qc5+ 47. Qxc5+ Nxc5 48. Ke3 b6 49. Kd4 Kb7 50. Kd5 Kc7 51. e4 Nd3 52.
Rg7+ Kd8 53. e5 b5 54. Kd6 Ke8 55. e6 1-0

[Event "Veletrzni turnaj 2021"]
[Site "Brno"]
[Date "2021.08.31"]
[Round "4.6"]
[White "Pokorny, Petr"]
[Black "Lisik, Miroslav"]
[Result "1-0"]
[WhiteElo "2162"]
[BlackElo "1680"]
[PlyCount "73"]
[EventDate "2021.08.29"]

1. d4 Nf6 2. c4 c5 3. d5 b5 4. cxb5 a6 5. e3 g6 6. Nc3 Bg7 7. Rb1 O-O 8. a4 d6
9. Nf3 Bb7 10. Be2 axb5 11. axb5 Nbd7 12. O-O Nb6 13. e4 e6 14. dxe6 fxe6 15.
e5 Nfd5 16. Bg5 Qb8 17. Nxd5 Nxd5 18. exd6 Qxd6 19. Qd2 Rf7 20. Ra1 Qb8 21.
Rxa8 Qxa8 22. Rc1 Qf8 23. Rc4 h6 24. Be3 Nxe3 25. Qxe3 Bd5 26. Rxc5 Qa8 27. Qc1
Kh7 28. h4 Qd8 29. h5 Be4 30. Qe3 Bf5 31. Ne5 Ra7 32. hxg6+ Bxg6 33. Nxg6 Ra1+
34. Kh2 Qd6+ 35. Nf4 Bd4 36. Qe4+ Kg7 37. Qg6+ 1-0

[Event "Veletrzni turnaj 2021"]
[Site "Brno"]
[Date "2021.08.31"]
[Round "4.7"]
[White "Jires, Jiri"]
[Black "Vojtek, Pavel"]
[Result "1/2-1/2"]
[WhiteElo "2144"]
[BlackElo "1609"]
[PlyCount "60"]
[EventDate "2021.08.29"]

1. e4 e6 2. d4 d5 3. exd5 exd5 4. c4 Nf6 5. Nc3 c6 6. Bd3 Be7 7. Nge2 O-O 8.
O-O dxc4 9. Bxc4 Nbd7 10. Ng3 Nb6 11. Bd3 Nbd5 12. Re1 Be6 13. Nf5 Nb4 14. Bb1
Bxf5 15. Bxf5 g6 16. Bb1 Re8 17. a3 Nbd5 18. Ba2 Bf8 19. Bg5 Qd6 20. Qf3 Bg7
21. Bh4 Qf4 22. Qxf4 Nxf4 23. Bxf6 Bxf6 24. Ne4 Bxd4 25. Nd6 Rxe1+ 26. Rxe1 Nd5
27. b4 Kf8 28. b5 Rb8 29. g3 Bc5 30. Nxb7 Rxb7 1/2-1/2

[Event "Veletrzni turnaj 2021"]
[Site "Brno"]
[Date "2021.08.31"]
[Round "4.9"]
[White "Haupt, Jaromir"]
[Black "Lukas, Frantisek"]
[Result "0-1"]
[WhiteElo "1743"]
[BlackElo "1879"]
[PlyCount "80"]
[EventDate "2021.08.29"]

1. a3 d5 2. g3 e5 3. d3 Nf6 4. Bg2 Nc6 5. Nf3 Be7 6. O-O O-O 7. b4 Bg4 8. Bb2
Qd6 9. Nbd2 a6 10. h3 Be6 11. c4 d4 12. Ng5 Bf5 13. Nge4 Nxe4 14. Nxe4 Qd7 15.
Kh2 Be6 16. Bc1 h6 17. Rb1 Rab8 18. f4 f6 19. Bd2 Na7 20. fxe5 fxe5 21. Rxf8+
Rxf8 22. Nc5 Bxc5 23. bxc5 c6 24. Qe1 Bf5 25. g4 Bg6 26. Qg3 Qe7 27. g5 h5 28.
Qh4 Rf7 29. Bb4 Rf4 30. Qe1 e4 31. Qg3 Qf7 32. Bxe4 h4 33. Qg1 Rxe4 34. Qg2 Rf4
35. Kg1 Qe6 36. Bd2 Rf7 37. Be1 Qe3+ 38. Kh1 Qf4 39. Rd1 Bh5 40. Bd2 Qg3 0-1

[Event "Veletrzni turnaj 2021"]
[Site "Brno"]
[Date "2021.08.31"]
[Round "4.10"]
[White "Stehlik, Jiri"]
[Black "Sojka, Oldrich"]
[Result "1-0"]
[WhiteElo "1847"]
[BlackElo "1417"]
[PlyCount "63"]
[EventDate "2021.08.29"]

1. c4 e5 2. Nc3 Nc6 3. g3 Nf6 4. Bg2 a6 5. a3 Bc5 6. b4 Ba7 7. e3 d6 8. Nge2
Bd7 9. Bb2 Qc8 10. Nd5 Nxd5 11. cxd5 Ne7 12. h3 c6 13. Rc1 Qd8 14. Nc3 Rb8 15.
h4 Rc8 16. O-O O-O 17. Qb3 cxd5 18. Nxd5 Nc6 19. a4 Rb8 20. Bc3 Be6 21. Qb2 Ne7
22. Nxe7+ Qxe7 23. d3 f6 24. b5 Qd7 25. b6 Bxb6 26. Qxb6 Qxa4 27. Qxd6 Bf7 28.
d4 Rfd8 29. Qb6 exd4 30. Bxd4 h6 31. Rc7 Rd7 32. Ra1 1-0

[Event "Veletrzni turnaj 2021"]
[Site "Brno"]
[Date "2021.08.31"]
[Round "4.11"]
[White "Blazek, Pavel"]
[Black "Rehurek, Karel"]
[Result "1/2-1/2"]
[WhiteElo "1728"]
[BlackElo "1798"]
[PlyCount "130"]
[EventDate "2021.08.29"]

1. e4 e5 2. Nf3 Nc6 3. Bc4 Nf6 4. d3 Bc5 5. Nc3 d6 6. Be3 Bb6 7. Nd5 Nxd5 8.
Bxd5 Ne7 9. Bb3 Bg4 10. Bxb6 axb6 11. Bxf7+ Kxf7 12. Ng5+ Kg8 13. Qxg4 Qc8 14.
Qxc8+ Rxc8 15. O-O h6 16. Nh3 Ng6 17. f4 exf4 18. Nxf4 Nxf4 19. Rxf4 Rf8 20.
Raf1 Rxf4 21. Rxf4 g6 22. Kf2 Kg7 23. Ke3 Ra8 24. a3 Ra5 25. Rf2 Rb5 26. b4 Re5
27. d4 Re8 28. c4 Re7 29. a4 Re8 30. d5 Ra8 31. Ra2 Kf6 32. Kd4 c5+ 33. dxc6
bxc6 34. a5 bxa5 35. Rxa5 Rc8 36. b5 cxb5 37. cxb5 Rc5 38. Ra6 Rxb5 39. Rxd6+
Kf7 40. Ke3 Rb2 41. Rd2 Rb1 42. Kf4 Ke6 43. Ra2 Rb5 44. Ra6+ Kf7 45. h4 Rc5 46.
g4 Rb5 47. g5 h5 48. Ra7+ Kf8 49. Rd7 Ra5 50. Rd5 Ra4 51. Ke5 Ke7 52. Rb5 Ra7
53. Rb6 Ra5+ 54. Kf4 Kf7 55. Rf6+ Kg7 56. e5 Ra4+ 57. Kg3 Ra3+ 58. Rf3 Ra6 59.
Re3 Kf7 60. Kf4 Ke6 61. Kg3 Kf5 62. e6 Rxe6 63. Rxe6 Kxe6 64. Kf4 Kd5 65. Kf3
Ke5 1/2-1/2

[Event "Veletrzni turnaj 2021"]
[Site "Brno"]
[Date "2021.08.31"]
[Round "4.12"]
[White "Tajovsky, Simon"]
[Black "Hrdlicka, Vladan"]
[Result "0-1"]
[WhiteElo "1607"]
[BlackElo "1769"]
[PlyCount "56"]
[EventDate "2021.08.29"]

1. d4 d5 2. c4 c6 3. Nf3 Nf6 4. Nc3 a6 5. e3 b5 6. b3 Bg4 7. Be2 e6 8. O-O Be7
9. Ne5 Bxe2 10. Qxe2 O-O 11. Bb2 Nfd7 12. f4 bxc4 13. bxc4 Nxe5 14. fxe5 Nd7
15. e4 Nb6 16. exd5 cxd5 17. c5 Nc4 18. Rab1 Rb8 19. Nd1 Bg5 20. Rf2 Nd2 21.
Ra1 Ne4 22. Rf3 Qa5 23. Bc3 Qa4 24. Qd3 Rb5 25. Be1 Rb3 26. Qxb3 Qxd4+ 27. Bf2
Qxa1 28. Qb2 Qxd1+ 0-1

[Event "Veletrzni turnaj 2021"]
[Site "Brno"]
[Date "2021.08.31"]
[Round "4.13"]
[White "Habinova, Alice"]
[Black "Sipek, Michal"]
[Result "0-1"]
[WhiteElo "1418"]
[BlackElo "2021"]
[PlyCount "38"]
[EventDate "2021.08.29"]

1. e4 d6 2. d4 g6 3. Nc3 Bg7 4. Bc4 Nf6 5. f4 O-O 6. Nf3 c5 7. d5 Na6 8. Be3
Nc7 9. Qd2 b5 10. Bd3 c4 11. Be2 b4 12. Nd1 Nxe4 13. Qxb4 Nxd5 14. Qxc4 Qa5+
15. Bd2 Nxd2 16. Nxd2 Be6 17. Qe4 Bf5 18. Qf3 Bxc2 19. Rg1 Qxd2+ 0-1

[Event "Veletrzni turnaj 2021"]
[Site "Brno"]
[Date "2021.08.31"]
[Round "4.14"]
[White "Mares, Jaroslav"]
[Black "Neduchal, Jiri"]
[Result "1/2-1/2"]
[WhiteElo "1938"]
[BlackElo "1734"]
[PlyCount "52"]
[EventDate "2021.08.29"]

1. c4 c5 2. Nc3 Nc6 3. g3 g6 4. Bg2 Bg7 5. e4 e6 6. Nge2 Nge7 7. d3 O-O 8. O-O
d6 9. Rb1 Rb8 10. a3 a5 11. Be3 Nd4 12. b4 axb4 13. axb4 Bd7 14. Bf4 Nxe2+ 15.
Nxe2 e5 16. Be3 cxb4 17. Rxb4 b5 18. Qd2 bxc4 19. dxc4 Rxb4 20. Qxb4 Qb8 21.
Qxb8 Rxb8 22. Rd1 Be6 23. c5 dxc5 24. Bxc5 Nc6 25. h3 h6 26. Nc3 Bf8 1/2-1/2

[Event "Veletrzni turnaj 2021"]
[Site "Brno"]
[Date "2021.08.31"]
[Round "4.16"]
[White "Zikan, Karel"]
[Black "Jurak, Stanislav"]
[Result "1-0"]
[WhiteElo "1627"]
[BlackElo "1728"]
[PlyCount "41"]
[EventDate "2021.08.29"]

1. Nf3 d5 2. d4 Bg4 3. e3 Nf6 4. c4 e6 5. Nc3 Be7 6. h3 Bh5 7. cxd5 exd5 8. Be2
c6 9. O-O Nbd7 10. Bd2 O-O 11. a3 Bd6 12. b4 a6 13. Qb3 Qe7 14. Rfc1 Ne4 15.
Be1 Bc7 16. Nxd5 Qd6 17. Nxc7 Qxc7 18. d5 c5 19. bxc5 Ndxc5 20. Qc4 b5 21. Qxe4
1-0

[Event "Veletrzni turnaj 2021"]
[Site "Brno"]
[Date "2021.08.31"]
[Round "4.17"]
[White "Prokop, Jiri"]
[Black "Lukas, Ondrej"]
[Result "0-1"]
[WhiteElo "1684"]
[BlackElo "1452"]
[PlyCount "60"]
[EventDate "2021.08.29"]

1. f4 Nf6 2. Nf3 g6 3. e3 Bg7 4. d4 O-O 5. Be2 d6 6. O-O c5 7. c3 Qc7 8. Na3 a6
9. Nc2 Bf5 10. Nce1 Nc6 11. Nd3 b6 12. Nf2 Rfc8 13. Nd2 cxd4 14. exd4 b5 15.
Nf3 Na5 16. Nh4 Be6 17. Bf3 Bd5 18. g4 Bxf3 19. Qxf3 Qb7 20. Qxb7 Nxb7 21. g5
Nd5 22. Ng2 Na5 23. h4 Rab8 24. Ne4 b4 25. Bd2 Nc4 26. Kh1 Nxd2 27. Nxd2 bxc3
28. bxc3 Rxc3 29. Nb3 Rh3+ 30. Kg1 Rbxb3 0-1

[Event "Veletrzni turnaj 2021"]
[Site "Brno"]
[Date "2021.08.31"]
[Round "4.18"]
[White "Sepsi, Jakub"]
[Black "Svec, Ludek"]
[Result "1-0"]
[WhiteElo "1400"]
[BlackElo "1549"]
[PlyCount "69"]
[EventDate "2021.08.29"]

1. e4 c5 2. Nf3 e6 3. Nc3 Nc6 4. d3 Nf6 5. Bg5 h6 6. Bh4 d6 7. Be2 Be7 8. O-O
e5 9. Bxf6 Bxf6 10. Nd5 O-O 11. h3 Be6 12. c4 g6 13. a3 Bg7 14. Qd2 f5 15. b4
fxe4 16. dxe4 Nd4 17. Nxd4 exd4 18. Bd3 Bf7 19. Rab1 b6 20. b5 g5 21. a4 Rb8
22. Rb3 Rb7 23. Ra3 Re8 24. a5 Re5 25. axb6 axb6 26. Rfa1 Qd7 27. Ra6 Bg6 28.
f3 Kh7 29. Nxb6 Qf7 30. Nc8 Bf8 31. Nxd6 Bxd6 32. Rxd6 Ree7 33. Raa6 Ra7 34.
Rxg6 Qxg6 35. e5 1-0